000
00292nam a2200121Ia 4500
100
_a
RajaRAMAN/ V.
942
_c
BK
654
_a
Analog Computation & Simulation
245
_a
Analog Computation & Simulation
260
_b
Prentice Hall
_a
New Delhi
_c
1986
546
_a
ENGLISH
999
_c
26481
_d
26481